Thực tập sinh hóa cơ sở
Gespeichert in:
| 1. Verfasser: | |
|---|---|
| Format: | Buch |
| Sprache: | Undetermined |
| Veröffentlicht: |
Tp. HCM
Đại học Khoa Học Tự Nhiên
1999
|
| Schlagworte: | |
| Tags: |
Tag hinzufügen
Keine Tags, Fügen Sie den ersten Tag hinzu!
|
| Thư viện lưu trữ: | Trung tâm Học liệu Trường Đại học Cần Thơ |
|---|
| LEADER | 00569nam a2200169Ia 4500 | ||
|---|---|---|---|
| 001 | CTU_36212 | ||
| 008 | 210402s9999 xx 000 0 und d | ||
| 082 | |a 543.087 | ||
| 082 | |b H455 | ||
| 100 | |a Phạm Thị ánh Hồng | ||
| 245 | 0 | |a Thực tập sinh hóa cơ sở | |
| 245 | 0 | |c Phạm Thị ánh Hồng, Nguyễn Thị Huyên, Trần Mỹ Quan | |
| 260 | |a Tp. HCM | ||
| 260 | |b Đại học Khoa Học Tự Nhiên | ||
| 260 | |c 1999 | ||
| 650 | |a biochemistry - laboratory manuals | ||
| 980 | |a Trung tâm Học liệu Trường Đại học Cần Thơ | ||